=LDR 00000nam 2200000 4500 =001 001124 =005 20250713034158 =035 ##$$a 0010-0725001008 =007 ta =008 250713################a##########0#ind## =020 ##$$a 978-623-307-292-2 =082 ##$$a 398. 209 598 =084 ##$$a 398. 209 598 PAR r =100 #$$a Parismita =245 1#$$a Raja yang Gemuk dan Anjing yang Kurus /$c Parismita =250 ##$$a Cetakan Pertama =260 ##$$a Jakarta Timur :$b Badan Pengembangan dan Pembinaan Bahasa,$c 2024 =300 ##$$a 16 hlm. : $b Ilus. ; $c 29 cm =650 #4$$a Cerita anak Indonesia-Terjemahan =650 #4$$a Literasi-Bahan Bacaan =990 ##$$a TBM202400671